[Event "Olimpiade 2014 - Open"]
[Site "Tromsø"]
[Date "04.08.2014"]
[Round "3.63"]
[Board "1"]
[White "Cilia Vincenti, David"]
[Black "Yang, Robert Michael"]
[Result "1/2-1/2"]
[WhiteTitle "CM"]
[WhiteElo "2154"]
[BlackElo "1945"]
[WhiteTeam "Malta"]
[BlackTeam "Hong Kong"]
[WhiteFideId "5600197"]
[BlackFideId "6002072"]
[EventDate "2014.08.02"]

1. d4 Nf6 2. c4 e6 3. Nc3 Bb4 4. Qc2 O-O 5. a3 Bxc3+ 6. Qxc3 b6 7. Bg5 Bb7 8. f3
d6 9. e4 c5 10. Nh3 h6 11. Be3 cxd4 12. Bxd4 Nbd7 13. Be2 Rc8 14. Qd2 Qc7 15.
O-O d5 16. cxd5 exd5 17. Rac1 Qb8 18. exd5 Bxd5 19. Bb5 Qd6 20. Rxc8 Rxc8 21.
Ba6 Rd8 22. Bxf6 Nxf6 23. Rd1 Rd7 24. Nf4 b5 25. Nxd5 Nxd5 26. Qa5 Qc5+ 27. Kh1
Nf4 28. Rg1 Nd3 29. h3 Nf2+ 30. Kh2 Qe5+ 31. f4 Qxf4+ 32. g3 Qf5 33. Kg2 Qc2 34.
Qc3 Qxc3 35. bxc3 Rd2 36. Bxb5 Nd1+ 37. Kf3 Rf2+ 38. Kg4 Ne3+ 39. Kh4 Ng2+ 40.
Kg4 Ne3+ 41. Kh4 Ng2+ 42. Kg4 Ne3+ 1/2-1/2

[Event "Olimpiade 2014 - Open"]
[Site "Tromsø"]
[Date "04.08.2014"]
[Round "3.63"]
[Board "2"]
[White "Tsang, Hon Ki"]
[Black "Pace, Colin"]
[Result "1/2-1/2"]
[WhiteTitle "FM"]
[BlackTitle "CM"]
[WhiteElo "2111"]
[BlackElo "2139"]
[WhiteTeam "Hong Kong"]
[BlackTeam "Malta"]
[WhiteFideId "6000185"]
[BlackFideId "5600189"]
[EventDate "2014.08.02"]

1. d4 f5 2. c4 Nf6 3. Nc3 d6 4. Nf3 g6 5. e3 Bg7 6. Be2 O-O 7. O-O Qe8 8. b4 c6
9. a4 e5 10. dxe5 dxe5 11. Ba3 Rf7 12. Ng5 Rd7 13. Qb3 Kh8 14. Rad1 h6 15. Nf3
Na6 16. b5 Nc7 17. Rd6 e4 18. bxc6 bxc6 19. Nd4 Rxd6 20. Bxd6 Ne6 21. c5 Nxd4
22. exd4 e3 23. Be5 exf2+ 24. Rxf2 Nd7 25. Bxg7+ Kxg7 26. Qc4 Nf6 27. Bf3 Qe1+
28. Rf1 Qe3+ 29. Kh1 Be6 30. d5 cxd5 31. Nxd5 Qe5 32. Qc3 Qxc3 33. Nxc3 Rc8 34.
c6 Kf7 35. Nb5 Ke7 36. Nxa7 Ra8 37. Nb5 Rxa4 38. Rc1 Ne4 39. Kg1 Rc4 40. Rxc4
Bxc4 41. Nd4 Bd5 42. g4 fxg4 43. Bxg4 Nf6 44. c7 Bb7 45. c8=Q Bxc8 46. Bxc8 Nd5
47. Kf2 Kf6 48. Bb7 Ne7 49. Kf3 Ke5 50. Ne2 Nf5 51. Be4 Ne7 52. Nf4 Kf6 53. Kg4
h5+ 54. Kf3 Kg5 55. Nh3+ Kh4 56. Ng1 Kg5 57. Kg3 Kf6 58. Nf3 g5 59. Kf2 g4 60.
Nh4 Kg5 61. Kg3 Ng8 62. Ng6 Nf6 63. Bd3 h4+ 64. Kg2 Nd5 65. Kf2 1/2-1/2

[Event "Olimpiade 2014 - Open"]
[Site "Tromsø"]
[Date "04.08.2014"]
[Round "3.63"]
[Board "3"]
[White "Zerafa, Robert"]
[Black "Chan, Chak Man"]
[Result "1-0"]
[WhiteTitle "CM"]
[BlackTitle "CM"]
[WhiteElo "2084"]
[BlackElo "1858"]
[WhiteTeam "Malta"]
[BlackTeam "Hong Kong"]
[WhiteFideId "5600618"]
[BlackFideId "6001300"]
[EventDate "2014.08.02"]

1. Nf3 g6 2. c4 Bg7 3. Nc3 Nf6 4. g3 c6 5. Bg2 d5 6. d4 dxc4 7. a4 O-O 8. O-O
Qa5 9. e4 b5 10. Bd2 b4 11. Na2 Na6 12. Ne5 Qb6 13. Be3 Qc7 14. Nxc4 Be6 15. Rc1
Rad8 16. Qc2 Nh5 17. Rfd1 f5 18. Bh3 Qc8 19. exf5 Rxf5 20. Bg2 Rff8 21. b3 Bf5
22. Qe2 c5 23. d5 e5 24. Bg5 Rd7 25. g4 h6 26. Be3 Nf4 27. Bxf4 exf4 28. gxf5
Re8 29. Qg4 g5 30. Re1 Rf8 31. Re6 Nc7 32. Rc6 Qe8 33. Rxc5 h5 34. Qxg5 Qe2 35.
Nxb4 Kh8 36. Rc6 Rg8 37. Rg6 Ne8 38. Ne5 Qxe5 39. Qxh5+ 1-0

[Event "Olimpiade 2014 - Open"]
[Site "Tromsø"]
[Date "04.08.2014"]
[Round "3.63"]
[Board "4"]
[White "Wong, Brian"]
[Black "Vella, Duncan"]
[Result "1/2-1/2"]
[BlackTitle "CM"]
[WhiteElo "1878"]
[BlackElo "1979"]
[WhiteTeam "Hong Kong"]
[BlackTeam "Malta"]
[WhiteFideId "6001394"]
[BlackFideId "5600243"]
[EventDate "2014.08.02"]

1. b3 e5 2. Bb2 d6 3. e3 g6 4. d4 Nd7 5. dxe5 dxe5 6. f4 Bg7 7. Nf3 Qe7 8. Bc4
Nh6 9. O-O Nf5 10. Qd2 O-O 11. Nc3 Qc5 12. Rae1 exf4 13. Ne4 fxe3 14. Qxd7 Qb6
15. Qd3 Bxb2 16. c3 Ba3 17. b4 a5 18. Nfg5 Be6 19. Bxe6 fxe6 20. Qd7 e2+ 21. Rf2
Ng7 22. Nc5 Rxf2 23. Kxf2 Rf8+ 24. Kxe2 Qd6 25. Qxd6 cxd6 26. Nxb7 axb4 27. cxb4
Bxb4 28. Rb1 Ba3 29. Rb3 Bc1 30. Ne4 d5 31. Nec5 e5 32. Nd7 Bg5 33. Nxf8 Kxf8
34. Nc5 Kf7 35. Rb7+ Be7 36. g4 e4 37. Ke3 h5 38. h3 hxg4 39. hxg4 Kf6 40. g5+
Kxg5 41. Ne6+ Nxe6 42. Rxe7 Kf5 43. a4 d4+ 44. Ke2 Nf4+ 45. Kf1 e3 46. a5 d3 47.
Ke1 Nd5 48. Rd7 Ke6 49. Rd8 Nb4 50. Re8+ Kd5 51. Rxe3 Nc2+ 52. Kd2 Nxe3 53. Kxe3
Kc5 54. Kxd3 Kb5 55. Ke4 Kxa5 56. Kf4 Kb5 57. Kg5 Kc5 58. Kxg6 1/2-1/2

[Event "Olimpiade 2014 - Open"]
[Site "Tromsø"]
[Date "04.08.2014"]
[Round "3.64"]
[Board "1"]
[White "Liu, Yeh Yang"]
[Black "Phillips, Roy"]
[Result "0-1"]
[BlackTitle "FM"]
[WhiteElo "1920"]
[BlackElo "2272"]
[WhiteTeam "Chinese Taipei"]
[BlackTeam "Mauritius"]
[WhiteFideId "16300416"]
[BlackFideId "404136"]
[EventDate "2014.08.02"]

1. e4 d6 2. d4 Nf6 3. Nc3 e5 4. dxe5 dxe5 5. Qxd8+ Kxd8 6. Bg5 Be6 7. O-O-O+ Nd7
8. f3 Kc8 9. Nge2 c6 10. Kb1 h6 11. Bd2 b5 12. Nc1 a5 13. Nd3 Bd6 14. Be3 Kc7
15. g3 Rhb8 16. Bg2 Nb6 17. Nc5 Bc8 18. Rd3 a4 19. Rhd1 Ne8 20. f4 Nc4 21. fxe5
Nxe5 22. Rf1 f6 23. Rdd1 Bg4 24. Rde1 Nc4 25. Bf4 g5 26. Bxd6+ Kxd6 27. b4 Nd2+
28. Kc1 Nxf1 29. Rxf1 Ra7 30. h3 Bh5 31. e5+ fxe5 32. N3e4+ Ke7 33. Rf5 Bg6 34.
Rxe5+ Kf7 35. Re6 Rc8 36. h4 gxh4 37. gxh4 Re7 38. Bh3 Rcc7 39. Nd6+ Nxd6 40.
Rxd6 Re2 41. Kd1 Rce7 42. Bg4 Rh2 43. Be6+ Kg7 44. c3 Bh5+ 45. Kc1 Bf7 46. Rxc6
Bxe6 47. Rxe6 Rxe6 48. Nxe6+ Kf6 49. Nd4 Rxa2 50. Nxb5 Rh2 51. Na3 Ke5 52. Nc4+
Ke4 53. b5 Kd5 54. Nb6+ Kc5 55. Nxa4+ Kxb5 56. Nb2 Rxh4 57. Nd1 Rh2 58. Ne3 h5
59. Kd1 Ka4 60. Ke1 Kb3 61. c4 Kc3 62. Kf1 Kd3 63. Kg1 Ra2 64. Ng2 Kxc4 65. Kh2
Kd4 66. Kh3 Ke4 67. Kg3 Kf5 68. Nh4+ Kf6 69. Nf3 Ra4 70. Kh3 Ra3 71. Kg2 Kf5 72.
Nh2 Kf4 73. Nf1 h4 74. Nh2 h3+ 75. Kg1 Ra1+ 76. Kf2 Ra2+ 77. Kg1 Rg2+ 78. Kh1
Rf2 79. Kg1 Kg3 80. Ng4 Rg2+ 81. Kh1 Ra2 0-1

[Event "Olimpiade 2014 - Open"]
[Site "Tromsø"]
[Date "04.08.2014"]
[Round "3.64"]
[Board "2"]
[White "Chinasamy, Devarajen"]
[Black "Yang Ching Wei, Austin"]
[Result "0-1"]
[WhiteTitle "CM"]
[WhiteElo "2085"]
[BlackElo "1883"]
[WhiteTeam "Mauritius"]
[BlackTeam "Chinese Taipei"]
[WhiteFideId "9700072"]
[BlackFideId "16300440"]
[EventDate "2014.08.02"]

1. e4 e5 2. Nf3 Nc6 3. Bb5 a6 4. Ba4 Nf6 5. O-O Be7 6. Bxc6 dxc6 7. d4 Nxe4 8.
Qe2 Bf5 9. Rd1 O-O 10. dxe5 Qc8 11. Nd4 Rd8 12. Be3 c5 13. Nb3 Rxd1+ 14. Qxd1
Qe6 15. f3 Nf6 16. f4 Ng4 17. Qe2 Nxe3 18. Qxe3 Bxc2 19. N1d2 Rd8 20. Rc1 Bxb3
21. Nxb3 c4 22. Nd2 Rd3 23. Qe2 Qb6+ 24. Kf1 Qxb2 25. Rd1 Qxa2 26. Ne4 Qxe2+ 27.
Kxe2 Rxd1 28. Kxd1 b5 29. Kc2 f5 30. Nc3 c6 31. Ne2 Bc5 32. h3 h5 33. Ng3 g6 34.
Ne2 Kf7 0-1

[Event "Olimpiade 2014 - Open"]
[Site "Tromsø"]
[Date "04.08.2014"]
[Round "3.64"]
[Board "3"]
[White "Ho, Jei-Chen"]
[Black "Li Ying, Patrick"]
[Result "0-1"]
[BlackTitle "CM"]
[WhiteElo "1808"]
[BlackElo "2125"]
[WhiteTeam "Chinese Taipei"]
[BlackTeam "Mauritius"]
[WhiteFideId "16300599"]
[BlackFideId "9700056"]
[EventDate "2014.08.02"]

1. d4 e6 2. c4 d5 3. Nc3 c6 4. Nf3 Nf6 5. Bg5 Be7 6. e3 O-O 7. Qc2 Nbd7 8. Rc1
Re8 9. a3 Nf8 10. Bd3 N6d7 11. Bxe7 Qxe7 12. O-O dxc4 13. Bxc4 e5 14. Rfd1 e4
15. Nd2 Nf6 16. b4 Bg4 17. Re1 Rad8 18. Ba2 Bh5 19. Bb1 Bg6 20. Nc4 N8d7 21.
Rcd1 Nd5 22. Nxd5 cxd5 23. Na5 Rc8 24. Qd2 b6 25. Nb3 Bh5 26. Rc1 Qg5 27. Rxc8
Rxc8 28. Rc1 Rc4 29. Kh1 b5 30. Na5 Rxc1+ 31. Qxc1 Bg4 32. h3 Be6 33. Qc7 Qh5
34. Qd8+ Nf8 35. Kh2 Qe2 36. Nc6 g6 37. Qf6 Nd7 38. Ne7+ Kf8 39. Qg5 f6 40.
Nxg6+ hxg6 41. Qxg6 Qxf2 42. Bxe4 dxe4 43. Qxe4 Bf5 44. Qa8+ Ke7 45. Qxa7 Be4 0-1

[Event "Olimpiade 2014 - Open"]
[Site "Tromsø"]
[Date "04.08.2014"]
[Round "3.64"]
[Board "4"]
[White "Koster, Jeroen Louis"]
[Black "Liao, Jo-Kai"]
[Result "1/2-1/2"]
[WhiteElo "1846"]
[BlackElo "1606"]
[WhiteTeam "Mauritius"]
[BlackTeam "Chinese Taipei"]
[WhiteFideId "9700161"]
[BlackFideId "16300343"]
[EventDate "2014.08.02"]

1. e4 c5 2. Nc3 Nc6 3. f4 d6 4. Nf3 g6 5. Bb5 Bd7 6. O-O Bg7 7. d3 Nf6 8. Bxc6
Bxc6 9. Qe1 Qc7 10. Qg3 h6 11. Bd2 Qb6 12. Rab1 Qc7 13. Nh4 O-O-O 14. Nf3 Rdg8
15. a4 a6 16. b4 Nh5 17. Qe1 cxb4 18. Rxb4 Bxc3 19. Bxc3 Rh7 20. g3 Nf6 21. Bxf6
exf6 22. Qc3 f5 23. Nd4 fxe4 24. Nxc6 bxc6 25. Rfb1 c5 26. Rb8+ Qxb8 27. Rxb8+
Kxb8 28. dxe4 Rc8 29. a5 Rc7 30. Qd3 Rc6 31. e5 Kc7 32. f5 dxe5 33. fxg6 fxg6
34. Qd5 Re7 35. Kf2 e4 36. Ke3 Ree6 37. h4 h5 38. Qg5 c4 39. g4 hxg4 40. Qxg4 1/2-1/2

[Event "Olimpiade 2014 - Open"]
[Site "Tromsø"]
[Date "04.08.2014"]
[Round "3.65"]
[Board "1"]
[White "Manuel, Enofre Efren D."]
[Black "Hernandez, Roberto PLW"]
[Result "1/2-1/2"]
[WhiteElo "1950"]
[BlackElo "1845"]
[WhiteTeam "Guam"]
[BlackTeam "Palau"]
[WhiteFideId "31000053"]
[BlackFideId "16600010"]
[EventDate "2014.08.02"]

1. c4 d6 2. Nc3 g6 3. Nf3 Bg7 4. g3 Nf6 5. Bg2 O-O 6. O-O Nbd7 7. d3 c5 8. Rb1
Ng4 9. h3 Nge5 10. Kh2 Nxf3+ 11. Bxf3 Ne5 12. Bg2 e6 13. Ne4 Rb8 14. b4 cxb4 15.
Rxb4 d5 16. cxd5 exd5 17. Ng5 Qd7 18. Rd4 Qf5 19. Rxd5 Be6 20. Be4 Qf6 21. Rd6
Qe7 22. Ba3 Qxg5 23. Rxe6 fxe6 24. Bxf8 Rxf8 25. Bxb7 Qh5 26. Kg2 Rb8 27. Qc2
Nf7 28. Bf3 Qe5 29. Qc6 Ng5 30. Bg4 Qd5+ 31. Qxd5 exd5 32. h4 h5 33. Bd7 Rd8 34.
Ba4 Ne6 35. Rc1 Nd4 36. e3 Nf5 37. d4 a5 38. Rc5 Nxd4 39. exd4 Bxd4 40. Rxa5 Bc3
41. Rxd5 Rxd5 42. Bb3 Kf7 43. Bxd5+ Kf6 44. f3 Ke5 45. Bc4 Bb4 46. a4 Ba5 47.
f4+ Kf6 48. Kf3 Kf5 49. Bb5 Be1 50. Be8 Kf6 51. g4 hxg4+ 52. Kxg4 Bd2 53. h5 g5
54. fxg5+ Bxg5 55. a5 Be3 56. a6 Kg7 57. Kf5 Ba7 58. Ke6 Be3 1/2-1/2

[Event "Olimpiade 2014 - Open"]
[Site "Tromsø"]
[Date "04.08.2014"]
[Round "3.65"]
[Board "2"]
[White "Montel Jr, Cyril Tomas"]
[Black "Soriano, Rudolph P."]
[Result "0-1"]
[WhiteElo "1848"]
[BlackElo "1802"]
[WhiteTeam "Palau"]
[BlackTeam "Guam"]
[WhiteFideId "16600037"]
[BlackFideId "31000142"]
[EventDate "2014.08.02"]

1. e4 c6 2. d4 d5 3. f3 g6 4. Bd3 Bg7 5. Be3 dxe4 6. fxe4 Bxd4 7. Bxd4 Qxd4 8.
Nc3 Nf6 9. Nf3 Qe3+ 10. Qe2 Qh6 11. O-O O-O 12. e5 Nd5 13. Nxd5 cxd5 14. Nd4 Nc6
15. Nb5 Be6 16. Rae1 Rac8 17. Qf2 a6 18. Nc3 Nb4 19. Qb6 Nxd3 20. cxd3 Qg5 21.
Rf2 Rb8 22. d4 Rfc8 23. Qa5 Rc4 24. Nxd5 Rxd4 25. Qc7 Re8 26. Nc3 Rd7 27. Qb6
Red8 28. a3 Rd2 29. Ne4 Qxe5 30. Nf6+ Qxf6 31. Rxf6 exf6 32. Qxb7 Bd5 33. Qxa6
Rxg2+ 34. Kf1 Kg7 35. Qa5 Rd2 36. Qxd2 Bc4+ 37. Qe2 Bxe2+ 38. Kxe2 f5 39. b4 f4
40. a4 g5 41. a5 g4 42. Rb1 f3+ 43. Kf1 Ra8 44. Kf2 Kf6 45. Rc1 Kg5 46. Ra1 h5
47. a6 h4 48. a7 Kf4 49. b5 g3+ 50. hxg3+ hxg3+ 51. Kf1 Rh8 52. Ra4+ Ke3 53.
Ra3+ Kf4 54. Ra4+ Kg5 55. Ke1 f2+ 56. Ke2 Re8+ 57. Kd2 f1=Q 58. a8=Q Rxa8 59.
Rxa8 Qg2+ 60. Kd3 0-1

[Event "Olimpiade 2014 - Open"]
[Site "Tromsø"]
[Date "04.08.2014"]
[Round "3.65"]
[Board "3"]
[White "Orio, Rogelio L."]
[Black "Garcia, Bernardo"]
[Result "1-0"]
[BlackTitle "CM"]
[WhiteElo "1755"]
[BlackElo "1769"]
[WhiteTeam "Guam"]
[BlackTeam "Palau"]
[WhiteFideId "31000118"]
[BlackFideId "16600096"]
[EventDate "2014.08.02"]

1. d4 d5 2. Nf3 c6 3. Bf4 Nf6 4. e3 Qb6 5. b3 Bg4 6. Be2 e6 7. O-O Be7 8. Nbd2
O-O 9. Rc1 Nbd7 10. c4 c5 11. h3 Bxf3 12. Nxf3 cxd4 13. exd4 Ba3 14. c5 Qa5 15.
Rb1 Ne4 16. Qc2 Qc3 17. Qd1 Qa5 18. Qd3 Qc3 19. Qb5 e5 20. Be3 Rfd8 21. b4 a6
22. Qxb7 exd4 23. Bxd4 Qc2 24. Rfe1 Nd2 25. Nxd2 Qxd2 26. Be3 Qxa2 27. Ra1 Qb3
28. Reb1 Qc3 29. Bxa6 Ne5 30. Be2 d4 31. Bg5 f6 32. Bf4 d3 33. Bxe5 fxe5 34. Bf3
Rab8 35. Qe7 d2 36. Qe6+ Kh8 37. Bd1 e4 38. Ra2 Qd3 39. Rb3 Qd4 40. Raxa3 Rxb4
41. Rxb4 Qxb4 42. Qb6 Qd4 43. Ra4 Qd3 44. Rxe4 Rf8 45. Re3 Qc4 46. Qd6 Kg8 47.
Bb3 1-0

[Event "Olimpiade 2014 - Open"]
[Site "Tromsø"]
[Date "04.08.2014"]
[Round "3.66"]
[Board "1"]
[White "Shobaita, Ahmed"]
[Black "Holland, Christopher"]
[Result "1-0"]
[WhiteTitle "CM"]
[WhiteElo "2067"]
[BlackElo "2270"]
[WhiteTeam "Palestine"]
[BlackTeam "Guernsey"]
[WhiteFideId "11500336"]
[BlackFideId "10700072"]
[EventDate "2014.08.02"]

1. Nf3 Nf6 2. c4 c5 3. g3 e6 4. Bg2 d5 5. cxd5 exd5 6. d4 Nc6 7. O-O Be7 8. Nc3
O-O 9. Be3 cxd4 10. Nxd4 Re8 11. h3 Be6 12. Rc1 Qd7 13. Kh2 Rad8 14. Qa4 Nxd4
15. Bxd4 Qxa4 16. Nxa4 Ne4 17. Nc5 Nxc5 18. Bxc5 Bf6 19. Ba3 Rc8 20. Rfd1 Rxc1
21. Rxc1 Be5 22. f4 Bb8 23. b3 h5 24. Rd1 h4 25. e3 hxg3+ 26. Kxg3 g5 27. Bb2
gxf4+ 28. exf4 Kh7 29. Bxd5 Bxd5 30. Rxd5 Re3+ 31. Kg4 Re2 32. Bd4 Re4 33. Rh5+
Kg6 34. Rg5+ Kh6 35. Bg7+ Kh7 36. Be5 Bxe5 37. Rxe5 Rb4 38. Kf5 Kg7 39. h4 Rb6
40. h5 Ra6 41. a4 Rb6 42. Rb5 Rf6+ 43. Kg5 b6 44. b4 Rd6 45. a5 f6+ 46. Kf5 Kh6
47. Ke4 bxa5 48. bxa5 Rd1 49. Rd5 Ra1 50. Kf5 Ra4 51. Rc5 Rb4 52. Rc8 Rb5+ 53.
Kxf6 Kxh5 54. Rg8 Rb4 55. f5 Rc4 56. Ke7 Rc7+ 57. Kd6 Rc1 58. f6 Rf1 59. Ke7
Re1+ 60. Kf8 Kh6 61. f7 Kh7 62. Rg7+ Kh6 63. Rg2 1-0

[Event "Olimpiade 2014 - Open"]
[Site "Tromsø"]
[Date "04.08.2014"]
[Round "3.66"]
[Board "2"]
[White "Hamperl, Fred"]
[Black "Miswadah, Baha"]
[Result "1-0"]
[WhiteTitle "FM"]
[WhiteElo "2119"]
[BlackElo "1803"]
[WhiteTeam "Guernsey"]
[BlackTeam "Palestine"]
[WhiteFideId "10700110"]
[BlackFideId "11502118"]
[EventDate "2014.08.02"]

1. e4 c5 2. Nc3 Nc6 3. Bb5 Nd4 4. Bc4 a6 5. Nge2 d6 6. Nxd4 cxd4 7. Ne2 e5 8. d3
Be7 9. O-O Nf6 10. f4 O-O 11. Qe1 b5 12. Bb3 Bd7 13. Bd2 a5 14. a4 b4 15. Qg3
Qc7 16. Kh1 Qc5 17. Rac1 Bg4 18. Ng1 Rab8 19. f5 d5 20. Bxd5 Rb6 21. Bb3 h5 22.
h3 h4 23. Qe1 Bh5 24. Qxh4 g6 25. Bg5 Kg7 26. fxg6 fxg6 27. Nf3 Rh8 28. Qg3 Bxf3
29. Bxf6+ Bxf6 30. Rxf3 Qe7 31. Rcf1 Rf8 32. Qg4 Rbb8 33. Rg3 Qe8 34. Rgf3 Rd8
35. h4 Rd6 36. Kg1 Kh6 37. Qh3 Qe7 38. g4 Bg7 39. g5+ Kh7 40. Rxf8 Bxf8 41. Rf7+
Qxf7 42. Bxf7 1-0

[Event "Olimpiade 2014 - Open"]
[Site "Tromsø"]
[Date "04.08.2014"]
[Round "3.66"]
[Board "3"]
[White "Tamra, Attallah"]
[Black "Rowe, Peter"]
[Result "1-0"]
[BlackTitle "CM"]
[WhiteElo "2081"]
[BlackElo "1976"]
[WhiteTeam "Palestine"]
[BlackTeam "Guernsey"]
[WhiteFideId "11500255"]
[BlackFideId "10700099"]
[EventDate "2014.08.02"]

1. Nf3 d6 2. d4 Nf6 3. Bf4 Nbd7 4. e3 g6 5. Be2 Bg7 6. h3 b6 7. O-O Bb7 8. Nbd2
O-O 9. c3 Re8 10. Bh2 e5 11. a4 a5 12. Qb3 Qe7 13. Rfd1 Qe6 14. Qxe6 Rxe6 15.
dxe5 Nxe5 16. Nxe5 dxe5 17. Nc4 Nd5 18. Rd2 c6 19. Rad1 b5 20. axb5 cxb5 21. Na3
b4 22. Nb5 bxc3 23. bxc3 Bc6 24. Rxd5 Bxd5 25. Rxd5 a4 26. Nc7 Ree8 27. Nxe8 a3
28. Rd1 Rxe8 29. Ra1 Ra8 30. Bf3 Rb8 31. Bd5 Rb5 32. e4 Ra5 33. f3 Kf8 34. Bg3
Ke8 35. Bf2 Bf8 36. Kf1 Kd7 37. Bxf7 Kc6 38. Ke2 1-0

[Event "Olimpiade 2014 - Open"]
[Site "Tromsø"]
[Date "04.08.2014"]
[Round "3.67"]
[Board "1"]
[White "Fancy, Stuart"]
[Black "Masrhi, Abdulrahman A"]
[Result "1-0"]
[WhiteTitle "FM"]
[WhiteElo "2036"]
[BlackElo "1746"]
[WhiteTeam "Papua New Guinea"]
[BlackTeam "Saudi Arabia"]
[WhiteFideId "9100024"]
[BlackFideId "21501564"]
[EventDate "2014.08.02"]

1. e4 d5 2. exd5 Qxd5 3. Nc3 Qa5 4. Bc4 Nf6 5. d4 Bf5 6. Bd2 c6 7. Nf3 e6 8. O-O
Qc7 9. Re1 Bd6 10. d5 cxd5 11. Bxd5 Nxd5 12. Nxd5 Qc8 13. Nd4 O-O 14. Nxf5 exf5
15. Bf4 Bc5 16. b4 Na6 17. bxc5 Qxc5 18. Bd6 1-0

[Event "Olimpiade 2014 - Open"]
[Site "Tromsø"]
[Date "04.08.2014"]
[Round "3.67"]
[Board "2"]
[White "Al Habeeb, Emad"]
[Black "Marko, Helmut"]
[Result "1-0"]
[BlackTitle "CM"]
[WhiteElo "2044"]
[BlackElo "1953"]
[WhiteTeam "Saudi Arabia"]
[BlackTeam "Papua New Guinea"]
[WhiteFideId "21500029"]
[BlackFideId "9100032"]
[EventDate "2014.08.02"]

1. e4 c5 2. Nf3 g6 3. d4 cxd4 4. Qxd4 Nf6 5. e5 Nc6 6. Qf4 Nh5 7. Qe4 d5 8. exd6
Qxd6 9. Bb5 Bg7 10. O-O O-O 11. Nc3 Bf5 12. Qa4 a6 13. Bxc6 Qxc6 14. Qb3 Rad8
15. Be3 b5 16. a4 b4 17. Qxb4 Rb8 18. Qa3 Bxc3 19. bxc3 Bxc2 20. Nd4 Qe4 21.
Nxc2 Qxc2 22. Rfc1 Qe4 23. Re1 Rfe8 24. Ba7 Qb7 25. Bxb8 Qxb8 26. Rxe7 Rd8 27.
Qa2 Qf4 28. Qe2 Nf6 29. Qe5 Qxe5 30. Rxe5 Rd2 31. Rc1 Nd5 32. h3 Nf4 33. Re8+
Kg7 34. Rce1 Rc2 35. R1e3 Nd5 36. Rd3 Nxc3 37. a5 Ne2+ 38. Kf1 Nf4 39. Rd6 Ra2
40. Rxa6 Nd3 41. Rd8 Nxf2 42. Ra7 Ne4 43. Rdd7 Rf2+ 44. Kg1 Rf6 45. a6 Ng5 46.
Ra8 Ne4 47. a7 Ra6 48. Rc8 Nf6 49. Rb7 1-0

[Event "Olimpiade 2014 - Open"]
[Site "Tromsø"]
[Date "04.08.2014"]
[Round "3.67"]
[Board "3"]
[White "Jones, Rupert"]
[Black "Al Mutairi, Hassan S"]
[Result "1/2-1/2"]
[WhiteTitle "FM"]
[WhiteElo "1899"]
[BlackElo "2075"]
[WhiteTeam "Papua New Guinea"]
[BlackTeam "Saudi Arabia"]
[WhiteFideId "9100121"]
[BlackFideId "21500193"]
[EventDate "2014.08.02"]

1. e4 e5 2. Nf3 Nc6 3. Bb5 f5 4. d3 fxe4 5. dxe4 Nf6 6. O-O Bc5 7. Bxc6 bxc6 8.
Nxe5 O-O 9. Nd3 Nxe4 10. Nxc5 Nxc5 11. Be3 Ne6 12. Nd2 d5 13. Nb3 Qe8 14. Re1
Qg6 15. Qe2 Bd7 16. Nc5 Nxc5 17. Bxc5 Rfe8 18. Qd2 Bf5 19. Rxe8+ Rxe8 20. f3
Bxc2 21. Bxa7 Bd3 22. Re1 Ba6 23. Rxe8+ Qxe8 24. Kf2 Qe7 25. g3 Qe6 26. Qe3 Kf7
27. Qxe6+ Kxe6 28. Bc5 g6 29. a4 Bc4 30. b4 Bb3 31. a5 Bc4 1/2-1/2

[Event "Olimpiade 2014 - Open"]
[Site "Tromsø"]
[Date "04.08.2014"]
[Round "3.68"]
[Board "1"]
[White "Joseph, Elton"]
[Black "Bacchas, Clevert"]
[Result "0-1"]
[BlackTitle "CM"]
[WhiteElo "1779"]
[BlackElo "1948"]
[WhiteTeam "Bahamas"]
[BlackTeam "Bermuda"]
[WhiteFideId "10400036"]
[BlackFideId "8800758"]
[EventDate "2014.08.02"]

1. b3 e5 2. Bb2 Nc6 3. e3 Nf6 4. c4 Be7 5. Nf3 d6 6. d4 exd4 7. Nxd4 Bd7 8. a3
O-O 9. Bd3 d5 10. Nc3 Nxd4 11. exd4 Re8 12. O-O Bd6 13. h3 c6 14. Qf3 Be6 15.
Rfe1 dxc4 16. bxc4 Qc7 17. Ne4 Nxe4 18. Qxe4 f5 19. Qf3 Qf7 20. c5 Bc7 21. Bc3
Rad8 22. Re3 g6 23. Rae1 Bd5 24. Qe2 Kf8 25. Bd2 f4 26. Rxe8+ Rxe8 27. Qg4 Rxe1+
28. Bxe1 Qe6 29. Qd1 Qf6 30. Bf1 f3 31. g3 h5 32. Qd2 g5 33. Qb2 b6 34. cxb6
axb6 35. Qb4+ Kg7 36. Qd2 h4 37. Qe3 Bd6 38. Qd3 Qe7 39. Qc3 Bxa3 40. Bd2 Bd6
41. Be1 Qf6 42. Qd3 b5 43. Qc3 b4 44. Qa1 hxg3 45. fxg3 f2+ 46. Bxf2 Qf3 47.
Qa7+ Kh6 48. Be1 Bxg3 0-1

[Event "Olimpiade 2014 - Open"]
[Site "Tromsø"]
[Date "04.08.2014"]
[Round "3.68"]
[Board "3"]
[White "Moncur, Cecil"]
[Black "Cooper, Gary"]
[Result "1-0"]
[WhiteElo "1689"]
[BlackElo "1844"]
[WhiteTeam "Bahamas"]
[BlackTeam "Bermuda"]
[WhiteFideId "10400583"]
[BlackFideId "8800022"]
[EventDate "2014.08.02"]

1. d4 d5 2. c4 e6 3. Nc3 Nf6 4. cxd5 exd5 5. Bg5 Be7 6. Qc2 c6 7. e3 O-O 8. Bd3
h6 9. Bh4 b6 10. Nf3 Na6 11. a3 b5 12. b4 Be6 13. O-O Nb8 14. Ne5 Nfd7 15. Bxe7
Qxe7 16. Nxd7 Bxd7 17. Ne2 Qg5 18. Nf4 Na6 19. Rfc1 Nc7 20. Qc5 Ne8 21. a4 Nf6
22. axb5 cxb5 23. Rxa7 Rac8 24. Rc7 g6 25. Qd6 Rcd8 26. Qb6 Kg7 27. Bxb5 Bxb5
28. Qxb5 Ne4 29. Ne6+ 1-0

[Event "Olimpiade 2014 - Open"]
[Site "Tromsø"]
[Date "04.08.2014"]
[Round "3.68"]
[Board "4"]
[White "Dill, James"]
[Black "Whyms, Chappell"]
[Result "1-0"]
[WhiteElo "1899"]
[BlackElo "1622"]
[WhiteTeam "Bermuda"]
[BlackTeam "Bahamas"]
[WhiteFideId "8800049"]
[BlackFideId "10400125"]
[EventDate "2014.08.02"]

1. e4 c6 2. Nf3 d5 3. e5 Bg4 4. d4 e6 5. Be2 Nd7 6. Bd2 Qb6 7. Bc3 c5 8. Nbd2
cxd4 9. Nxd4 Bxe2 10. Qxe2 a6 11. O-O Bb4 12. N2b3 Bxc3 13. bxc3 Qc7 14. f4 Ne7
15. Rf3 g6 16. Re1 Nc6 17. h3 Nxd4 18. cxd4 Nb6 19. Rb1 Nc4 20. Rc3 b5 21. Nc5
Qa5 22. Qe1 Ra7 23. Nd3 Qb6 24. Nc5 O-O 25. g4 Qa5 26. f5 b4 27. Rcb3 Rc7 28. f6
g5 29. h4 Rxc5 30. Qc1 Kh8 31. dxc5 Qxc5+ 32. Kg2 Qd4 33. hxg5 Qd2+ 34. Kh3 Qxc1
35. Rxc1 Rg8 36. Kh4 Nxe5 37. Rf1 h6 38. Rxb4 Rxg5 39. Rb8+ Kh7 40. Rb4 Nc4 41.
Rb8 Ne3 42. Rg1 Nxc2 43. Rf8 Nd4 44. Rf1 Rg8 45. Rxf7+ Kg6 46. Re7 h5 47. f7 Rf8
48. gxh5+ Kg7 49. Kg5 Nf5 50. Rxe6 Ng3 51. h6+ Kh7 52. Re8 1-0